|
|
|
|
| LEADER |
00000nam a22000007a 4500 |
| 005 |
20150707133230.0 |
| 007 |
cr|||| |||| |
| 008 |
150707s2015 mx |||||s|||| 00||0 spa d |
| 020 |
|
|
|a 978-607-440-785-3
|
| 035 |
|
|
|a 12750
|
| 040 |
|
|
|a vLex
|
| 090 |
|
|
|c 5481
|d 5481
|
| 100 |
1 |
|
|a Přez Chavez, Još
|
| 245 |
1 |
0 |
|a Dividendos
|h [Recurso electrn̤ico] :
|b Personas fs̕icas y morales 2015 /
|c Jos ̌Přez Chavez, Raymundo Fol Olgun̕
|
| 256 |
|
|
|a Servicio en ln̕ea
|
| 260 |
|
|
|a Mx̌ico D.F.:
|b Tax Editores,
|c 2015
|
| 300 |
|
|
|a 1 recurso electrn̤ico
|
| 506 |
1 |
|
|a Contenido disponible en los productos indicados
|d vLex Global
|d vLex Global (Academic Edition, excluding Law Schools)
|d vLex Global (U.S. Academic Edition, Law Schools)
|d vLex Global (U.S. Academic Edition, excluding Law Schools)
|d vLex Global (Academic Edition, Law Schools)
|
| 650 |
0 |
4 |
|a Personas fs̕icas
|x Impuestos
|z Mx̌ico
|
| 700 |
1 |
|
|a Fol Olgun̕, Raymundo
|
| 740 |
0 |
|
|a vLex Libros (Servicio en ln̕ea)
|
| 856 |
4 |
0 |
|u http://vlex.com/source/dividendos-personas-fisicas-y-morales-2015-12750
|z Acceso restringido
|
| 942 |
|
|
|c BOOK
|
| 999 |
0 |
|
|a Persons (Law)
|
| 999 |
0 |
|
|a Taxations
|